00580nam a2200193Ia 4500003000900000008004100009020001800050040001600068080001600084110001700100245004100117260003400158300001400192650004100206650002200247942000700269999001700276952009300293IN-BaIIA211028s9999 xx 000 0 eng d a0-13-928995-X cIIA Library a681.31bINM aINMOS919046 0aTransputer development systemcINMOS aNew YorkbPrentice-Hallc1988 axx, 491p. aAstronomy and astrophysics thesaurus aTransputer919167 cBK c11189d11189 00104070aBANbBANcGENd1995-02-07l0o681.31/ INMp12103r2021-11-05w1995-02-07yBK